Cytochemical aspects of cellulose breakdown during the infection process of rubber tree roots by Rigidoporus lignosus (Record no. 56701)

MARC details
000 -LEADER
fixed length control field 00508nam a2200169Ia 4500
100 ## - MAIN ENTRY--AUTHOR NAME
Personal name Nicole Michel R
245 #0 - TITLE STATEMENT
Title Cytochemical aspects of cellulose breakdown during the infection process of rubber tree roots by Rigidoporus lignosus
260 ## - PUBLICATION, DISTRIBUTION, ETC. (IMPRINT)
Name of publisher Phytopathology
Year of publication 1991
300 ## - PHYSICAL DESCRIPTION
Number of Pages 1412-1420
500 ## - GENERAL NOTE
General note Source Year: 1992
650 ## - SUBJECT ADDED ENTRY--TOPICAL TERM
Topical Term Rigidoporus lignosus
650 ## - SUBJECT ADDED ENTRY--TOPICAL TERM
Topical Term Rubber trees
700 ## - ADDED ENTRY--PERSONAL NAME
Personal name Nicole
856 ## - ELECTRONIC LOCATION AND ACCESS
Uniform Resource Identifier BA
942 ## - ADDED ENTRY ELEMENTS (KOHA)
Koha item type Journals
700 ## - ADDED ENTRY--PERSONAL NAME
-- Benhamou
Holdings
Withdrawn status Lost status Damaged status Not for loan Home library Current library Date acquired Serial Enumeration / chronology Koha item type
      Journals RRII Library RRII Library 17/12/2021 Volume 81, Issue 11 Journals